O seminarista (Record no. 182655)

MARC details
000 -LÍDER
campo de controle de tamanho fixo 00347 a2200169 4500
001 - NÚMERO DE CONTROLE
campo de controle 182655
020 ## - ISBN - INTERNATIONAL STANDARD BOOK NUMBER
ISBN - International Standard Book Number 85-00-00958-6
040 ## - FONTE DA CATALOGAÇÃO
Instituição que transcreveu o registro Magnum
100 ## - ENTRADA PRINCIPAL--NOME PESSOAL
Nome pessoal Guimaraes, Bernardo
240 10 - TÍTULO UNIFORME
Título uniforme O seminarista
Idioma da obra por
245 10 - TÍTULO
Título O seminarista
300 ## - DESCRIÇÃO FÍSICA
Extensão 159
362 0# - DATAS DE PUBLICAÇÃO E/OU DESIGNAÇÃO SEQUENCIAL
Datas de publicação e/ou designação sequencial 2002
440 #1 - DECLARAÇÃO DE SÉRIE/ENTRADA ADICIONADA--TÍTULO
Título Ediouro
697 ## - ENTRADA DE ASSUNTO LOCAL--ENTIDADE COLETIVA (RLIN)
Nome corporativo ou nome da jurisdição LITERATURA GERAL
942 ## - ELEMENTOS DE ENTRADA ADICIONADOS (KOHA)
Tipo de material Koha Livros
Holdings
Situação do descarte Situação das perdas Situação física Não pode ser emprestado Biblioteca de origem Biblioteca atual Data de aquisição Total de empréstimos Número de chamada completo Código de barras Data de último acesso Data do preço efetivo Tipo de material Koha
        Magnum Magnum 08/06/2024   869.4.130 MAG00034928 08/06/2024 08/06/2024 Livros
        Magnum Magnum 08/06/2024   869.4.130 MAG00034929 08/06/2024 08/06/2024 Livros
        Magnum Magnum 08/06/2024   869.4.130 MAG00034930 08/06/2024 08/06/2024 Livros
        Magnum Magnum 08/06/2024   869.4.130 MAG00034931 08/06/2024 08/06/2024 Livros
        Magnum Magnum 08/06/2024   869.4.130 MAG00034932 08/06/2024 08/06/2024 Livros
        Magnum Magnum 08/06/2024   869.4.130 MAG00034933 08/06/2024 08/06/2024 Livros
        Magnum Magnum 08/06/2024   869.4.130 MAG00034934 08/06/2024 08/06/2024 Livros